000
00292nam a2200097Ia 4500
082
_a
839.36|VANC
245
0
_a
Tussenstand : letterkundige opstelle
100
_a
VAN COLLER, H.P. Pretoria, 2009 1ste uitgawe
_9
57351
942
_c
BK
008
210817s9999 xx 000 0 und d
999
_c
179239
_d
179238